Co dělat, když zákazník neplatí.

Množenie prípadov neschopnosti zákazníka včas platiť za dodané výrobky. Tri hlavné kroky, ktoré vytvárajú šance, že veriteľ obdrží svoje peniaze: potvrdenie splatného dlhu; zlepšenie vlastnej pozície voči dlžníkovi a právne vymáhanie pohľadávky.

Saved in:
Bibliographic Details
Format: Book Chapter
Language:Czech
Subjects:
Tags: Add Tag
No Tags, Be the first to tag this record!

MARC

LEADER 00000naa a2200000 4500
001 r008745
005 20220831084446.3
041 0 |a cze 
044 |a [CS] 
245 1 0 |a Co dělat, když zákazník neplatí. 
520 |a Množenie prípadov neschopnosti zákazníka včas platiť za dodané výrobky. Tri hlavné kroky, ktoré vytvárajú šance, že veriteľ obdrží svoje peniaze: potvrdenie splatného dlhu; zlepšenie vlastnej pozície voči dlžníkovi a právne vymáhanie pohľadávky. 
610 2 0 |a insolventnosť 
610 2 0 |a pohľadávky 
610 2 0 |a zákazníci 
610 2 0 |a veritelia 
610 2 0 |a dlhy